[Event "Olympiad Women 2024"]
[Site "Budapest HUN"]
[Date "2024.09.16"]
[Round "6.3"]
[Board "1"]
[White "Dzagnidze, Nana"]
[Black "Munkhzul, Turmunkh"]
[Result "1/2-1/2"]
[WhiteElo "2508"]
[BlackElo "2256"]
[PlyCount "92"]
[EventDate "2024.09.11"]
[WhiteTeam "Georgia"]
[BlackTeam "Mongolia"]
[WhiteTeamCountry "GEO"]
[BlackTeamCountry "MGL"]

1. Nf3 Nf6 2. c4 e6 3. Nc3 d5 4. d4 Be7 5. Bf4 O-O 6. a3 c5 7. dxc5 Bxc5 8. e3 dxc4 9. Bxc4 Qxd1+ 10. Rxd1 a6 11. Ne5 ({RR} 11. Be2 b5 12. Bd6 Bxd6 13. Rxd6 Bb7 14. O-O Nc6 15. Nd2 Rfd8 16. Rxd8+ Rxd8 17. Nb3 Nd7 18. Rc1 Kf8 19. Kf1 Ke7 20. Ne4 Nce5 21. Nec5 Bd5 22. Nxd7 Rxd7 23. Na5 Kd6 24. f4 Nc6 25. Nxc6 Bxc6 {½-½ Khairullin,I (2626)-Stefansson,H (2531) EU-ch 13th Plovdiv 2012 (3)}) ({RR} 11. b4 Be7 12. Bd6 Bxd6 13. Rxd6 Bd7 14. Ne5 Rc8 15. Ne2 Bb5 16. Bb3 Nc6 17. Nxc6 Bxc6 18. f3 Bd5 19. Bxd5 Nxd5 20. e4 Nc3 21. Rd3 Nxe2 22. Kxe2 {½-½ Zhukov,A (2308)-Hovakimyan,V (2121) ch-Moscow Open Superfinal 2024 (7.24)}) 11... Nbd7 $146 ({RR} 11... b5 12. Ba2 Nh5 13. O-O Nxf4 14. exf4 g6 15. Rfe1 Kg7 16. Ne4 Be7 17. Nd6 Bxd6 18. Rxd6 Ra7 19. Rc1 Nd7 20. Nd3 Nf6 21. Nc5 Nd7 22. Nd3 Nf6 23. Ne5 Nd7 24. Kf1 Kf6 25. Nf3 a5 26. Ng5 {1-0 Mammadova,N (2245)-Demirtas,H (1701) TUR-chT 1st League 2022 (6.4)}) 12. Be2 Nxe5 13. Bxe5 b5 14. Bf3 Ra7 15. Bd6 Bxd6 16. Rxd6 Rd7 17. Rb6 Rfd8 18. O-O Rd6 19. Rxd6 Rxd6 20. Rc1 Bd7 21. g4 h6 22. Ne4 Nxe4 23. Bxe4 Kf8 24. Rc7 a5 25. Kf1 Ke8 26. Ke1 Kd8 27. Ra7 a4 28. Ra8+ Ke7 29. Ra7 Kd8 30. Ra8+ Ke7 31. Rb8 f5 32. Bf3 Kf6 33. h4 Ke7 34. Rb7 Kf6 35. Rc7 Ke7 36. Be2 Rb6 37. Kd2 Kd6 38. Ra7 b4 39. Bd1 b3 40. f4 fxg4 41. Bxg4 Rc6 42. Bd1 Rc5 43. Ra6+ Ke7 44. Ra7 Kd6 45. Ra6+ Ke7 46. Ra7 Kd6 1/2-1/2

[Event "Olympiad Women 2024"]
[Site "Budapest HUN"]
[Date "2024.09.16"]
[Round "6.3"]
[Board "2"]
[White "Munguntuul, Batkhuyag"]
[Black "Javakhishvili, Lela"]
[Result "1/2-1/2"]
[WhiteElo "2346"]
[BlackElo "2446"]
[PlyCount "100"]
[EventDate "2024.09.11"]
[WhiteTeam "Mongolia"]
[BlackTeam "Georgia"]
[WhiteTeamCountry "MGL"]
[BlackTeamCountry "GEO"]

1. e4 e5 2. Nf3 Nc6 3. Bb5 a6 4. Ba4 Bc5 5. c3 Nge7 6. O-O Ng6 7. d4 Ba7 8. Bg5 f6 9. Be3 O-O 10. Nbd2 Kh8 11. Re1 exd4 12. Nxd4 Nxd4 13. cxd4 ({RR} 13. Bxd4 Bxd4 14. cxd4 d6 15. Rc1 f5 16. e5 Nf4 17. Nf3 d5 18. Qd2 Ne6 19. b4 c6 20. Bb3 g5 21. Red1 g4 22. Ne1 f4 23. a4 Bd7 24. Qc3 Qh4 25. Bc2 Ng5 26. Ra1 Rae8 27. b5 Re6 {0-1 Nepomniachtchi,I (2770)-Nakamura,H (2794) Titled Tue 11th Jun Early 2024 (10)}) 13... d5 14. Qh5 Be6 $146 ({RR} 14... c5 15. Nf3 cxd4 16. Bd2 Bd7 17. Bc2 Qc8 18. Rac1 Bg4 19. Qxd5 Rd8 20. Bd1 Qd7 21. Qxd7 Rxd7 {½-½ Borgaonkar,A (2372)-Prohaszka,P (2581) Budapest Spring Open 2024 (2.5)}) 15. Bc2 Qd7 16. h3 Bf7 17. e5 fxe5 18. dxe5 d4 19. Bf5 Qe8 20. Bg5 Be6 21. Be4 Bf5 22. e6 d3 23. Nf3 Bxe4 24. Rxe4 Ne5 25. Qxe8 Nxf3+ 26. gxf3 Raxe8 27. Kg2 Rf5 28. Bd2 Bc5 29. Bc3 Kg8 30. Rd1 Rg5+ 31. Rg4 Rxg4+ 32. fxg4 Rxe6 33. Rxd3 Bd6 34. f4 Bxf4 35. Rd8+ Kf7 36. Rd7+ Re7 37. Rxe7+ Kxe7 38. Bxg7 Ke6 39. Kf3 Bc1 40. Ke4 Bg5 41. Be5 c5 42. a4 b5 43. axb5 axb5 44. b3 c4 45. bxc4 bxc4 46. Bc3 h5 47. gxh5 Bf6 48. Bxf6 Kxf6 49. h4 Kg7 50. Kd4 Kh6 1/2-1/2

[Event "Olympiad Women 2024"]
[Site "Budapest HUN"]
[Date "2024.09.16"]
[Round "6.3"]
[Board "3"]
[White "Khotenashvili, Bella"]
[Black "Nomin-Erdene, Davaademberel"]
[Result "1/2-1/2"]
[WhiteElo "2432"]
[BlackElo "2319"]
[PlyCount "93"]
[EventDate "2024.09.11"]
[WhiteTeam "Georgia"]
[BlackTeam "Mongolia"]
[WhiteTeamCountry "GEO"]
[BlackTeamCountry "MGL"]

1. d4 d5 2. c4 c6 3. Nf3 e6 4. Nbd2 f5 5. g3 Nd7 6. Qc2 Bd6 7. cxd5 cxd5 8. Nb3 Ngf6 9. Bf4 Qe7 $146 ({RR} 9... Bxf4 10. gxf4 O-O 11. Rc1 Qe7 12. e3 a5 13. Nbd2 b6 14. Qb3 Bb7 15. Bb5 Rfc8 16. O-O h6 17. h3 Kf7 18. Qa4 Qd8 19. Rc3 Rxc3 20. bxc3 Rc8 21. Rc1 Rc7 22. Qb3 Kg8 23. Kh2 Kh7 24. Rg1 {1-0 Komodo1-Engineer (1659) PAL/CSS Freestyle fin 8th rapid 2008 (2)}) 10. Rc1 O-O 11. Bxd6 Qxd6 12. Qc7 Qb4+ 13. Nfd2 Ne4 14. a3 Qa4 15. e3 Nxd2 16. Nxd2 Nf6 17. Be2 Bd7 18. O-O Rfc8 19. Qd6 Rc2 20. b3 Qc6 21. Qxc6 Rxc6 22. Rxc6 Bxc6 23. Rc1 Rc8 24. Nf3 Bd7 25. Rxc8+ Bxc8 26. Ne5 Kf8 27. f3 Ke7 28. Kf2 Nd7 29. Nd3 Kd6 30. h4 b6 31. Nf4 Nf6 32. Bd3 Bd7 33. Ne2 h6 34. Nf4 Be8 35. Nh3 Bd7 36. Ke2 Be8 37. a4 Bd7 38. Kf2 Be8 39. Be2 a5 40. Nf4 Ke7 41. Nd3 Kd6 42. Ne5 Ke7 43. Bd3 Nd7 44. Bb5 Nxe5 45. dxe5 Bxb5 46. axb5 g5 47. h5 1/2-1/2

[Event "Olympiad Women 2024"]
[Site "Budapest HUN"]
[Date "2024.09.16"]
[Round "6.3"]
[Board "4"]
[White "Khuslen, Erdenebayar"]
[Black "Melia, Salome"]
[Result "0-1"]
[WhiteElo "2229"]
[BlackElo "2293"]
[PlyCount "116"]
[EventDate "2024.09.11"]
[WhiteTeam "Mongolia"]
[BlackTeam "Georgia"]
[WhiteTeamCountry "MGL"]
[BlackTeamCountry "GEO"]

1. d4 d5 2. c4 e6 3. Nc3 Nf6 4. cxd5 exd5 5. Bg5 c6 6. e3 h6 7. Bh4 Be7 8. Bd3 O-O 9. Nge2 Re8 10. O-O Nh5 11. Bxe7 Qxe7 12. Qd2 Nd7 13. Rae1 Nf8 14. Nc1 Bd7 ({RR} 14... Nf6 15. f3 Ne6 16. N1e2 b5 17. Ng3 a5 18. Qf2 Ba6 19. Nf5 Qd8 20. Ne2 c5 21. Qg3 c4 22. Bc2 Nh5 23. Qh3 g6 24. Nxh6+ Kg7 25. Nf5+ Kg8 26. Neg3 Nxg3 27. Qxg3 b4 28. Nh6+ Kg7 29. Nxf7 {1-0 Carlsen,M (2863)-Kramnik,V (2753) Legends of Chess Prelim rapid 2020 (9.3)}) ({RR} 14... Be6 15. Bb1 Rad8 16. f3 Nf6 17. Qf2 b6 18. Nd3 c5 19. Ne5 Qb7 20. g4 N6d7 21. Nd3 f6 22. h4 Bf7 23. Nf4 Nb8 24. Rd1 cxd4 25. exd4 Nc6 26. h5 Qb8 27. Qh2 Ne6 28. Nxe6 Qxh2+ 29. Kxh2 {½-½ Dreev,A (2606)-Sargissian,G (2672) Chessable Masters Play-In 2024 (8)}) 15. f3 $146 ({RR} 15. Nb3 Rad8 16. f3 Bc8 17. Qf2 b6 18. Kh1 Ne6 19. a3 c5 20. Bc2 Ba6 21. Rg1 Nf6 22. Rd1 cxd4 23. Nxd4 Nxd4 24. exd4 Qe3 25. Qxe3 Rxe3 26. Rge1 Rde8 27. Rxe3 Rxe3 28. Kg1 Kf8 29. Kf2 Re7 {0-1 Bluebaum,M (2681)-Sargissian,G (2596) Lindores Abbey Blitz Tal Memorial 2021 (15.19)}) 15... Rad8 16. Qf2 Bc8 17. Kh1 b6 18. e4 dxe4 19. fxe4 Ne6 20. N1e2 Qf6 21. Qe3 Qg5 22. Qf3 Re7 23. d5 Nc5 24. Bc4 Bg4 25. Qf2 Bxe2 26. Rxe2 cxd5 27. exd5 Nb7 28. Ne4 Rxe4 29. Rxe4 Nd6 30. Rd4 Nf6 31. Bb3 Re8 32. Qf4 Re2 33. Qxg5 hxg5 34. Rb1 Nfe4 35. Bc4 Rd2 36. Rxe4 Nxe4 37. Kg1 Nf6 38. Re1 Kf8 39. b4 Nxd5 40. b5 Nf4 41. g3 Nh3+ 42. Kh1 g4 43. Bb3 Ng5 44. Bd1 f5 45. a4 g6 46. Be2 Ra2 47. Bd1 Ra1 48. Kg2 Nf3 49. Rf1 Ra2+ 50. Rf2 Rxf2+ 51. Kxf2 Nxh2 52. Ke3 Ke7 53. Be2 g5 54. Kd4 Kd6 55. Bd3 f4 56. Ke4 fxg3 57. Ke3 g2 58. Kf2 Nf3 0-1

[Event "Olympiad Women 2024"]
[Site "Budapest HUN"]
[Date "2024.09.16"]
[Round "6.4"]
[Board "1"]
[White "Kashlinskaya, Alina"]
[Black "Zhu, Jiner"]
[Result "1/2-1/2"]
[WhiteElo "2490"]
[BlackElo "2487"]
[PlyCount "81"]
[EventDate "2024.09.11"]
[WhiteTeam "Poland"]
[BlackTeam "China"]
[WhiteTeamCountry "POL"]
[BlackTeamCountry "CHN"]

1. e4 c5 2. c3 d5 3. exd5 Qxd5 4. d4 Nf6 5. Nf3 Nc6 6. Be3 e6 7. Na3 cxd4 8. Nb5 Qd7 9. Nbxd4 Be7 ({RR} 9... Bd6 10. Nxc6 bxc6 11. Qc2 Qc7 12. Bd3 c5 13. O-O-O Rb8 14. Nd2 Nd5 15. Nc4 Be7 16. Be4 Nxe3 17. fxe3 g6 18. h4 Ba6 19. Qa4+ Bb5 20. Qa5 Qxa5 21. Nxa5 O-O 22. Nc6 Bxc6 23. Bxc6 Rb6 24. Rd7 {½-½ Nepomniachtchi,I (2779)-Aronian,L (2742) Julius Baer Rapid Div 2 W 2023 (5.3)}) 10. Nxc6 Qxc6 11. Ne5 Qd5 $146 ({RR} 11... Qe4 12. Bb5+ Kf8 13. Nf3 Nd5 14. Qd4 Qxd4 15. Bxd4 f6 16. O-O-O Kf7 17. Rhe1 Rd8 18. Bc4 b6 19. Re4 {½-½ Otsuka,S (2259)-Borhy,M (2367) III Janos Rigo Mem IM 2024 (8.5)}) ({RR} 11... Qc7 12. Bb5+ Nd7 13. Nxd7 Bxd7 14. Bxd7+ Qxd7 15. Qxd7+ Kxd7 16. Ke2 Kc6 17. Rhd1 a6 18. Rd2 Rhd8 19. Rad1 b5 20. Rxd8 Rxd8 21. Rxd8 Bxd8 22. Kd3 Kd5 23. b3 Be7 24. c4+ bxc4+ 25. bxc4+ Kc6 26. Ke4 {½-½ Heinemann,J (2278)-Oleksiyenko,M (2592) Titled Tue 1st Aug Early 2023 (9)}) 12. Qa4+ Kf8 13. f4 Qe4 14. Qxe4 Nxe4 15. O-O-O f6 16. Nf3 Kf7 17. Bc4 Nd6 18. Bb3 a5 19. a4 Nf5 20. Bf2 h5 21. Rhe1 Ra6 22. Re2 Rc6 23. Nd4 Nxd4 24. Bxd4 g6 25. Rde1 Rd8 26. Kb1 b6 27. g3 Bc5 28. Bxc5 bxc5 29. Bc4 Rb6 30. h3 Ke7 31. Kc1 Rdd6 32. g4 h4 33. Bb5 Bd7 34. Bxd7 Kxd7 35. Re3 Rd5 36. R1e2 Rbd6 37. Kc2 Rb6 38. Re4 Rbd6 39. R4e3 Rb6 40. Re4 Rbd6 41. R4e3 1/2-1/2

[Event "Olympiad Women 2024"]
[Site "Budapest HUN"]
[Date "2024.09.16"]
[Round "6.4"]
[Board "2"]
[White "Song, Yuxin"]
[Black "Socko, Monika"]
[Result "1/2-1/2"]
[WhiteElo "2373"]
[BlackElo "2422"]
[PlyCount "73"]
[EventDate "2024.09.11"]
[WhiteTeam "China"]
[BlackTeam "Poland"]
[WhiteTeamCountry "CHN"]
[BlackTeamCountry "POL"]

1. e4 e5 2. Nf3 Nf6 3. Nxe5 d6 4. Nf3 Nxe4 5. d4 d5 6. Bd3 Bf5 7. O-O Be7 8. Re1 O-O 9. Nbd2 Nd6 10. Nf1 Nd7 11. Bxf5 Nxf5 12. Qd3 Nd6 13. Bf4 Re8 ({RR} 13... Nf6 14. Ng3 Re8 15. Re2 Bf8 16. Ne5 c6 17. Rae1 Nfe4 18. Qb3 Qf6 19. Nxe4 dxe4 20. Bg3 Qe6 21. Qxe6 Rxe6 22. Nd7 Nf5 23. c3 Rae8 24. Nxf8 Kxf8 25. Bf4 h6 26. Rd1 g5 27. Bc1 Rd8 28. Red2 {0-1 Celik,H (2436)-Lee,A (2379) SixDays Budapest Jan GM B 2024 (1.2)}) 14. Re2 Nf6 15. Rae1 a5 $146 ({RR} 15... c6 16. Ng3 h6 17. Bxd6 Bxd6 18. Ne5 c5 19. dxc5 Bxc5 20. Nf5 Ne4 21. Rxe4 dxe4 22. Qg3 Qf6 23. Ng4 Qg6 24. Qf4 Re6 25. Rd1 e3 26. fxe3 Rae8 27. Rd7 Kh7 28. h4 Re4 29. h5 Qxh5 30. Qxh6+ {0-1 Clark,J (2036)-Green,J (1855) Winnipeg TNT February op 2016 (2.4)}) ({RR} 15... Qd7 16. Ng3 Nde4 17. Ne5 Qe6 18. f3 g5 19. Bc1 Nxg3 20. hxg3 Nd7 21. Qb5 Nb6 22. Ng4 Qd6 23. Bxg5 Bxg5 24. Rxe8+ Rxe8 25. Qxe8+ Kg7 26. f4 Bf6 27. Nxf6 Qxf6 28. Qe5 Qxe5 29. fxe5 Nd7 30. Kh2 {1-0 Kaluzny,J (1668)-Bauer,T (1587) CZE-ch Juniors op-B 2007 (8)}) 16. a4 Bf8 17. Rxe8 Ndxe8 18. Ng3 Nd6 19. Ne5 Qc8 20. h3 Ra6 21. Re2 h6 22. c3 Nde4 23. Nxe4 Nxe4 24. Qb5 Rf6 25. Qxd5 Rxf4 26. Rxe4 c6 27. Qb3 Rxe4 28. Qxf7+ Kh8 29. Ng6+ Kh7 30. Nxf8+ Kh8 31. Ng6+ Kh7 32. Ne5 Re1+ 33. Kh2 c5 34. Qg6+ Kg8 35. Qf7+ Kh7 36. Qg6+ Kg8 37. Qf7+ 1/2-1/2

[Event "Olympiad Women 2024"]
[Site "Budapest HUN"]
[Date "2024.09.16"]
[Round "6.4"]
[Board "3"]
[White "Kiolbasa, Oliwia"]
[Black "Guo, Qi"]
[Result "1-0"]
[WhiteElo "2348"]
[BlackElo "2367"]
[PlyCount "113"]
[EventDate "2024.09.11"]
[WhiteTeam "Poland"]
[BlackTeam "China"]
[WhiteTeamCountry "POL"]
[BlackTeamCountry "CHN"]

1. d4 d5 2. c4 e6 3. Nc3 Nf6 4. cxd5 exd5 5. Bg5 Be7 6. e3 h6 7. Bh4 Bg4 8. f3 Be6 9. Bd3 c5 10. Nge2 Nc6 11. O-O O-O 12. Bc2 ({RR} 12. Re1 Re8 13. Bc2 Rc8 14. Nf4 cxd4 15. Nxe6 fxe6 16. exd4 Nxd4 17. Bg6 Rf8 18. Bf2 Nc6 19. Rxe6 d4 20. Ne2 Bc5 21. Nf4 Nd5 22. Qb3 Nxf4 23. Rd6+ Kh8 24. Rxd8 Rcxd8 25. Qxb7 Ne5 26. Be4 Bb6 {1-0 Nakamura,H (2794)-Carlsen,M (2830) 12th Norway Armageddon 2024 (7.1)}) ({RR} 12. Qd2 cxd4 13. exd4 Rc8 14. Bf2 Na5 15. Nf4 Nc4 16. Bxc4 Rxc4 17. Nxe6 fxe6 18. Rfe1 Qd7 19. Re2 Bb4 20. Rae1 Bxc3 21. bxc3 Rc6 22. Bg3 Ne8 23. Qd3 Rf7 24. Be5 Nd6 25. Bxd6 Rxd6 26. c4 dxc4 {0-1 Bobkov,V (2253)-Materia,M (2457) Titled Tue 20th Aug Early 2024 (7)}) 12... Rc8 13. Bf2 $146 ({RR} 13. Rc1 Re8 14. Bf2 cxd4 15. Nxd4 Nxd4 16. Qxd4 Bc5 17. Qd3 Qa5 18. Bb3 a6 19. Rfd1 Ba7 20. Ne2 Rxc1 21. Rxc1 Rc8 22. Rxc8+ Bxc8 23. Qc3 Qxc3 24. Nxc3 Be6 25. Kf1 Kf8 26. Ke2 Ke7 27. Kd3 g5 {½-½ Tudor,H (2187)-Szeberenyi,A (2339) FSIM May 2023 (5.4)}) 13... cxd4 14. Nxd4 Nxd4 15. Qxd4 Qa5 16. Bb3 Rfd8 17. Rfd1 Bc5 18. Qd3 a6 19. Ne2 Nd7 20. Nf4 Ne5 21. Qe2 Ba7 22. Rac1 Rxc1 23. Rxc1 Ng6 24. Nxe6 fxe6 25. Qc2 Nf8 26. Qd3 Qb6 27. a3 Qd6 28. Ba2 Qd7 29. Rd1 Qc7 30. f4 Kh8 31. Bb1 e5 32. fxe5 Qxe5 33. Kh1 Re8 34. Rf1 Qe4 35. Qe2 Qe6 36. Qd3 Qe4 37. Qe2 Qe6 38. Qc2 Qe4 39. Qd1 Qe6 40. Qc2 Qe4 41. Qd1 Qe6 42. Ba2 Bxe3 43. Bxd5 Qe7 44. Be1 Ne6 45. Ba2 Bc5 46. Bc3 Ng5 47. Qh5 Kh7 48. Bb1+ Kg8 49. Qg6 Rf8 50. Ba2+ Kh8 51. Rd1 Be3 52. Qxh6+ Nh7 53. Qg6 Qd7 54. Re1 Rf2 55. Bb1 Nf6 56. Bxf6 gxf6 57. h3 1-0

[Event "Olympiad Women 2024"]
[Site "Budapest HUN"]
[Date "2024.09.16"]
[Round "6.4"]
[Board "4"]
[White "Ni, Shiqun"]
[Black "Sliwicka, Alicja"]
[Result "1/2-1/2"]
[WhiteElo "2348"]
[BlackElo "2373"]
[PlyCount "185"]
[EventDate "2024.09.11"]
[WhiteTeam "China"]
[BlackTeam "Poland"]
[WhiteTeamCountry "CHN"]
[BlackTeamCountry "POL"]

1. e4 c5 2. Nf3 Nc6 3. Bb5 g6 4. Bxc6 bxc6 5. O-O Bg7 6. Re1 Qc7 7. d3 d6 ({RR} 7... e5 8. c3 Nf6 9. d4 cxd4 10. cxd4 exd4 11. Qxd4 O-O 12. Nc3 Qb6 13. Qxb6 axb6 14. e5 Ne8 15. Be3 Ra6 16. Rad1 f6 17. Bd4 fxe5 18. Bxe5 d5 19. Bxg7 Nxg7 20. Ne5 Bb7 21. a4 Nf5 22. Nf3 {½-½ Giri,A (2768)-Nakamura,H (2775) 11th Norway Chess 2023 (4.2)}) 8. e5 dxe5 9. Na3 Be6 $146 ({RR} 9... Ba6 10. Qe2 f6 11. Nd2 Nh6 12. Nb3 Nf7 13. Nxc5 Bc8 14. Nc4 O-O 15. c3 Rd8 16. Be3 Bf5 17. d4 exd4 18. cxd4 Bf8 19. Rac1 a5 20. b3 Rd5 21. Na4 Rb8 22. Qf3 Rb7 23. Bf4 e5 24. dxe5 {½-½ Nguyen,T (2629)-Gukesh,D (2699) TUR-chT Ankara 2022 (11.1)}) ({RR} 9... f6 10. Be3 Nh6 11. Bxc5 O-O 12. d4 Bg4 13. h3 Bxf3 14. Qxf3 f5 15. dxe5 Bxe5 16. Nc4 Bf6 17. Re6 Nf7 18. Rxc6 Qb7 19. Rxf6 Qxf3 20. gxf3 exf6 21. Bxf8 Kxf8 22. Rd1 Rc8 23. b3 Ke7 24. Rd5 {1-0 Tadic,S (2421)-Pogorelskikh,S (2216) Srdja Dragasevic Mem 2024 (2.12)}) ({RR} 9... f6 10. Be3 Nh6 11. Bxc5 Nf7 12. Nc4 O-O 13. b4 Ba6 14. Nfd2 f5 15. Qc1 e4 16. Rb1 Nd6 17. Qa3 Bxc4 18. Nxc4 Kh8 19. Qb3 Rad8 20. a4 Rfe8 21. Nd2 Nb7 22. Bxa7 Ra8 23. Be3 f4 24. Bc5 {½-½ Ivic,V (2581)-Mamedov,R (2656) Olympiad-44 Chennai 2022 (11.2)}) 10. Ng5 Bf5 11. Nc4 Nh6 12. Be3 Rd8 13. Bxc5 f6 14. Ne4 Nf7 15. Qe2 O-O 16. Ng3 Be6 17. d4 Nd6 18. Nd2 Nb7 19. Nb3 a5 20. Qa6 Ra8 21. Qb6 Qxb6 22. Bxb6 Bxb3 23. axb3 Ra6 24. Bc5 Nxc5 25. dxc5 Rb8 26. Ra4 Rb5 27. Rc4 f5 28. f3 e6 29. Kf1 Ra7 30. Rd1 Bf8 31. Rd8 Rc7 32. Ne2 Kf7 33. Nc3 Rbb7 34. Ke2 Be7 35. Ra8 Ra7 36. Rxa7 Rxa7 37. Nd1 Rd7 38. Nf2 Kf6 39. Nd3 Rb7 40. Kd2 Rb5 41. Ke2 g5 42. g3 h5 43. h3 Bd8 44. Ra4 Bc7 45. g4 hxg4 46. hxg4 Rb8 47. Nf2 Rb5 48. Ra1 Bd8 49. Nd3 Bc7 50. Ke3 Rb8 51. b4 axb4 52. Ra6 b3 53. c3 Ke7 54. gxf5 exf5 55. Rxc6 Ba5 56. Rg6 Bxc3 57. bxc3 b2 58. Nxb2 Rxb2 59. Rxg5 Kf6 60. Rg8 Rb5 61. Rc8 Ke7 62. Rc6 Kd7 63. Rd6+ Ke7 64. Rd5 Ke6 65. Rd6+ Ke7 66. Rc6 Kd7 67. Rf6 f4+ 68. Kd3 Rxc5 69. Ra6 Rd5+ 70. Ke4 Rc5 71. c4 Ke7 72. Rb6 Rxc4+ 73. Kxe5 Kf7 74. Kf5 Kg7 75. Rb7+ Kh6 76. Rf7 Ra4 77. Ke5 Kg6 78. Rf8 Kg7 79. Rd8 Rb4 80. Rd1 Ra4 81. Rg1+ Kf7 82. Rg4 Rb4 83. Rxf4+ Rxf4 84. Kxf4 Kf6 85. Ke4 Ke6 86. f4 Kf6 87. f5 Kf7 88. Ke5 Ke7 89. f6+ Kf7 90. Kf5 Kf8 91. Kg6 Kg8 92. f7+ Kf8 93. Kf6 1/2-1/2

[Event "Olympiad Women 2024"]
[Site "Budapest HUN"]
[Date "2024.09.16"]
[Round "6.5"]
[Board "1"]
[White "Osmak, Yuliia"]
[Black "Injac, Teodora"]
[Result "1-0"]
[WhiteElo "2471"]
[BlackElo "2425"]
[PlyCount "85"]
[EventDate "2024.09.11"]
[WhiteTeam "Ukraine"]
[BlackTeam "Serbia"]
[WhiteTeamCountry "UKR"]
[BlackTeamCountry "SRB"]

1. c4 e6 2. Nc3 d5 3. d4 Be7 4. cxd5 exd5 5. Bf4 c6 6. e3 Bf5 7. Nge2 Nd7 8. Ng3 Bg6 9. Be2 Qb6 10. Qd2 h5 11. h4 Nf8 12. e4 dxe4 13. Ngxe4 Nf6 $146 ({RR} 13... Ne6 14. Be3 Qa5 15. Ng5 Nf6 16. Bc4 Nxg5 17. hxg5 Nd7 18. O-O Rd8 19. Bf4 Nb6 20. Bb3 O-O 21. Rad1 Qf5 22. Rfe1 Bd6 23. Bxd6 Rxd6 24. Re5 Qg4 25. f3 Qc8 26. Qe3 Qd8 27. d5 cxd5 28. Nxd5 {½-½ Tunik,G (2515)-Geller,E (2465) RUS-ch Elista 1995 (8)}) 14. Nd6+ Bxd6 15. Bxd6 Qd8 16. Ba3 Ne6 17. Rd1 Qa5 18. d5 Rd8 19. Bf3 b5 20. dxe6 Rxd2 21. Bxc6+ Kd8 22. Rxd2+ Kc7 23. Bxb5 fxe6 24. O-O Rd8 25. Rxd8 Kxd8 26. Rd1+ Kc8 27. Bc4 Bf5 28. Bd6 Ng4 29. b4 Qa3 30. Nb5 Qa4 31. Rc1 Kd7 32. Bc5 a6 33. Nd6 Bc2 34. Re1 e5 35. f3 Nf6 36. Rxe5 Qa3 37. Re7+ Kc6 38. Bxa6 Qc1+ 39. Kh2 Qf4+ 40. g3 Qd2+ 41. Kh3 Bf5+ 42. Nxf5 Qc1 43. b5+ 1-0

[Event "Olympiad Women 2024"]
[Site "Budapest HUN"]
[Date "2024.09.16"]
[Round "6.5"]
[Board "2"]
[White "Gajcin, Marina"]
[Black "Ushenina, Anna"]
[Result "0-1"]
[WhiteElo "2253"]
[BlackElo "2417"]
[PlyCount "162"]
[EventDate "2024.09.11"]
[WhiteTeam "Serbia"]
[BlackTeam "Ukraine"]
[WhiteTeamCountry "SRB"]
[BlackTeamCountry "UKR"]

1. e4 c5 2. Nf3 d6 3. Bb5+ Nd7 4. a4 Ngf6 5. Nc3 g6 6. O-O Bg7 7. a5 a6 8. Be2 O-O 9. d3 b5 10. axb6 Nxb6 11. Bg5 ({RR} 11. h3 a5 12. Be3 Nfd7 13. Qd2 a4 14. Bh6 e5 15. Nh2 Nb8 16. Bxg7 Kxg7 17. f4 Nc6 18. f5 f6 19. fxg6 hxg6 20. Ng4 Bxg4 21. Bxg4 Nd4 22. Ne2 d5 23. Rad1 a3 24. c3 Nxe2+ 25. Qxe2 Na4 {0-1 Rapport,R (2752)-Nepomniachtchi,I (2779) SuperUnited Rapid 2023 (5.1)}) ({RR} 11. Be3 Bb7 12. Qd2 Re8 13. Bh6 Bh8 14. Ng5 a5 15. f4 a4 16. f5 Bc6 17. h4 Nbd7 18. h5 Ne5 19. hxg6 hxg6 20. Nf3 Nfg4 21. Nxe5 Nxe5 22. Nd1 e6 23. fxg6 fxg6 24. c3 Bg7 25. Nf2 Nf7 {½-½ Balajayeva,K (2376)-Muradli,M (2560) 24th Dubai Open A 2024 (1.13)}) 11... h6 12. Bd2 Bd7 13. h3 $146 ({RR} 13. Qc1 Kh7 14. e5 Nfd5 15. Nxd5 Nxd5 16. c4 Nb6 17. exd6 exd6 18. Bc3 Bc6 19. Re1 Ra7 20. Nd2 Re8 21. Bxg7 Kxg7 22. Qc3+ Qf6 23. Qxf6+ Kxf6 24. Bf3 Rxe1+ 25. Rxe1 Bxf3 26. Nxf3 Nd7 27. Ra1 Ne5 {½-½ Jaiswal,R (2135)-Nitin,S (2407) Bikaner op 1st 2022 (9)}) 13... Qc7 14. Bf4 Bc6 15. Qd2 Kh7 16. e5 Nfd5 17. exd6 exd6 18. d4 Nxc3 19. bxc3 c4 20. Bg3 a5 21. h4 Rfe8 22. Rfb1 Ra6 23. Nh2 Be4 24. Nf1 Nd5 25. Ra4 Nb6 26. Ra2 Nd5 27. Ra4 Nb6 28. Ra2 h5 29. Rb5 Qc6 30. Rbxa5 Rxa5 31. Rxa5 Bxg2 32. Ne3 Be4 33. Ra7 Kg8 34. Ra6 Bh6 35. Bf1 Qb7 36. Ra1 Qc6 37. Ra6 Qb7 38. Ra1 Qc7 39. Nd5 Nxd5 40. Qxh6 Nxc3 41. Qf4 Re6 42. Qd2 Nd5 43. Qa5 Qxa5 44. Rxa5 Bf3 45. Bg2 Bxg2 46. Kxg2 Nc3 47. d5 Rf6 48. Ra8+ Kg7 49. Rd8 Nxd5 50. Bxd6 Rf5 51. Rc8 c3 52. Bc5 f6 53. Kg3 g5 54. hxg5 Rxg5+ 55. Kh2 Kg6 56. Bd4 Rf5 57. Kg3 h4+ 58. Kh2 Kg5 59. Bxc3 Rxf2+ 60. Kg1 Rf3 61. Bd2+ Kg4 62. c4 Nf4 63. Bxf4 Rxf4 64. c5 Rc4 65. c6 Kf4 66. c7 f5 67. Kg2 Rc3 68. Kh2 Rc6 69. Kh3 Rc2 70. Rh8 Rxc7 71. Kg2 Rg7+ 72. Kf2 Kg4 73. Ra8 h3 74. Ra1 Rc7 75. Rg1+ Kf4 76. Rg8 Rc2+ 77. Kf1 h2 78. Rh8 Ke4 79. Rh4+ f4 80. Rh8 Rc1+ 81. Kf2 h1=Q 0-1

[Event "Olympiad Women 2024"]
[Site "Budapest HUN"]
[Date "2024.09.16"]
[Round "6.5"]
[Board "3"]
[White "Gaponenko, Inna"]
[Black "Velikic, Adela"]
[Result "1-0"]
[WhiteElo "2324"]
[BlackElo "2260"]
[PlyCount "77"]
[EventDate "2024.09.11"]
[WhiteTeam "Ukraine"]
[BlackTeam "Serbia"]
[WhiteTeamCountry "UKR"]
[BlackTeamCountry "SRB"]

1. e4 c6 2. d4 d5 3. e5 Bf5 4. Nf3 e6 5. Be2 Nd7 6. O-O a5 7. a4 f6 8. c4 fxe5 9. dxe5 Bc5 10. cxd5 cxd5 11. Nd4 Bxd4 $146 ({RR} 11... Ne7 12. Be3 O-O 13. Nc3 Qb6 14. f4 Nc6 15. Ncb5 Nxd4 16. Bxd4 Rac8 17. Bxc5 Rxc5 18. Kh1 g6 19. Nd4 Rc7 20. Bb5 Nc5 21. Nxf5 Rxf5 22. Qd4 Nd7 23. Qd2 Nc5 24. Qf2 Rf8 25. Rac1 Rfc8 26. Rc3 {0-1 Kushagra,M (2367)-Durucay,U (2026) 14th Vojvodina Open 2024 (1.10)}) ({RR} 11... Ne7 12. g4 Bxd4 13. Qxd4 Nc6 14. Qe3 Bg6 15. f4 O-O 16. Bd2 d4 17. Qh3 Qb6 18. Bc4 Ncxe5 19. fxe5 Nxe5 20. Na3 Qxb2 21. Bxe6+ Kh8 22. Ra2 Rxf1+ 23. Qxf1 Qb6 24. Bd5 Nxg4 25. Qb5 Qf6 26. Qf1 {0-1 Chinchilla,A (2113)-Siddharth,J (2514) 45th Olympiad 2024 (5.62)}) 12. Qxd4 Ne7 13. f4 Nc6 14. Qd1 Qb6+ 15. Kh1 O-O 16. Na3 Nb4 17. Bb5 Rfd8 18. Bd2 Rac8 19. Bc3 Nc5 20. Bd4 Qc7 21. Rc1 Qe7 22. Be2 Ne4 23. Nb5 Qd7 24. Bb6 Rxc1 25. Qxc1 Rc8 26. Qe3 Nc2 27. Qg1 Qe7 28. Rc1 Qh4 29. g3 Qe7 30. Bd3 Qb4 31. Rxc2 Rxc2 32. Bxc2 Qxb2 33. Qb1 Qb4 34. Qxb4 axb4 35. Bxe4 Bxe4+ 36. Kg1 Bc2 37. a5 Ba4 38. Nd6 Bc6 39. Kf2 1-0